| 000 | 00000nam##2200000za#4500 |
| 001 | 9.698296 |
| 003 | CaOODSP |
| 005 | 20210624235850 |
| 007 | cr ||||||||||| |
| 008 | 150407|2000||||xxc|||||o f|0| 0 eng|d |
| 040 | |aCaOODSP|beng |
| 043 | |an-cn--- |
| 086 | 1 |aRH64-1/2000E-PDF |
| 110 | 1 |aCanada.|bHuman Resources Development Canada. |bApplied Research Branch. |
| 245 | 10|aConsultation on disability surveys : |h[electronic resource]|breport |
| 260 | |aOttawa - Ontario : |bHuman Resources Development Canada. |cMarch 2000. |
| 300 | |a34p.|bgraphs, tables |
| 500 | |aThe catalogue number (RH64-1/2000E) and ISBN (0-662-28120-9) for the print edition have been incorrectly copied in this electronic publication. |
| 590 | |a13-18-Supp|b2013-08-01 |
| 690 | 07|aPersons with disabilities|2gcpds |
| 690 | 07|aEmployment|2gcpds |
| 690 | 07|aIncome|2gcpds |
| 690 | 07|aInformation|2gcpds |
| 775 | 08|tConsultation sur les enquêtes concernant les personnes handicapées : |w(CaOODSP)9.642308 |
| 776 | 0#|tConsultation on disability surveys : |w(CaOODSP)9.647745 |
| 856 | 40|ahttp://publications.gc.ca|qPDF|s621 KB|uhttps://publications.gc.ca/collections/Collection/RH64-1-2000E.pdf |